000 00326nam a22001457a 4500
008 210507b ||||| |||| 00| 0 eng d
020 _a2900470607793
041 _aeng
080 _a004
082 _a004
100 _a28
101 _aSHKI
245 _aCreative Suite 5 Design Premium
_cJennifer Smith
942 _2udc
_cBK
999 _c57099
_d57099